Politicians by Real Name - Statistics

General Stats
  • This quiz has been taken 36 times
  • The average score is 5 of 10
Answer Stats
Hint Answer % Correct
Vladimir Ulyanov Vladimir Lenin
97%
Ioseb Dzhugashvili Joseph Stalin
89%
Josip Broz Josip Broz Tito
77%
Nguyen Sinh Cung Ho Chi Minh
69%
Kim Song-Ju Kim Il Sung
40%
Lev Bronstein Leon Trotsky
40%
François Duvalier Papa Doc
37%
Saloth Sar Pol Pot
29%
Mohandas Gandhi Mahatma Ghandi
23%
Arvo Halberg Gus Hall
0%
No matching quizzes found
Score Distribution
Percent of People with Each Score
Percentile by Number Answered
Your Score History
You have not taken this quiz